Για το μυστήριο του ανθρώπου
Αποθηκεύτηκε σε:
| Κύριος συγγραφέας: | |
|---|---|
| Μορφή: | Βιβλίο |
| Γλώσσα: | Greek German |
| Δημοσίευση: |
Αθήνα :
Γ. Αργυρόπουλος,
2002
|
| Σειρά: | Αναλόγιο ;
; 14 |
| Θέματα: | |
| Ετικέτες: |
Προσθήκη ετικέτας
Δεν υπάρχουν, Καταχωρήστε ετικέτα πρώτοι!
|
MARC
| LEADER | 00000cam a2200000 i 4500 | ||
|---|---|---|---|
| 001 | 1/84824 | ||
| 008 | 050906s2002 gre d | ||
| 035 | |l 10080117 | ||
| 040 | |a GR-MY-UA |b gre |e aacr | ||
| 041 | 0 | |a gre |h ger | |
| 082 | 0 | |a 248.3 |2 (22) | |
| 100 | 1 | |a Kierkegaard, Soren |d 1813-1855. | |
| 245 | 1 | 0 | |a Για το μυστήριο του ανθρώπου / |c Σαιρέν Κιρκεγκώρ |
| 260 | |a Αθήνα : |b Γ. Αργυρόπουλος, |c 2002 | ||
| 300 | |a 133 σ.; |c 22 εκ. | ||
| 490 | 1 | |a Αναλόγιο |v ; 14 | |
| 500 | |a Με: Ασθένεια πρός θάνατον / Σαιρέν Κιρκεγκώρ. - Η έννοια της αγωνίας / Soeren Kierkegaard | ||
| 650 | 0 | 0 | |a Mysteries, Religious. |
| 830 | 0 | |a Αναλόγιο ; |v ; 14 | |
| 852 | |a INST |b RHODES |c KRI |e 20050906 |h 248.3 KIE |p 005400030835 |q 005400030835 |t BK |y 0 | ||
| 901 | |a BIBL4-2005-3 | ||
| 909 | |a Ρ |b 122269 | ||
| 970 | |a ΚΟΖΑ |b ΜΑΡΙΑ |z 2005/09/06 | ||